Preschool test descriptions : test matrix and correlated test descriptors /

Bibliographic Details
Main Author: Johnson, H. Wayne
Format: Book
Language:English
Published: Springfield, Ill. : Thomas, [1979]
Subjects:

MARC

Tag First Indicator Second Indicator Subfields
LEADER 00000cam a2200000 i 4500
001 in00000061709
005 20151008050603.0
008 780623s1979 ilua b 00110 eng
010 |a  78016158  
020 |a 0398038376 
035 |a (OCoLC)04036991 
035 |9 AAG1967AM 
040 |a DLC  |c DLC  |d OCL  |d TXA  |d UtOrBLW 
049 |a TXAM  |c [1497353] 
050 0 0 |a LB1132  |b .J63 
082 0 |a 372.1/2/64 
100 1 |a Johnson, H. Wayne. 
245 1 0 |a Preschool test descriptions :  |b test matrix and correlated test descriptors /  |c by H. Wayne Johnson. 
264 1 |a Springfield, Ill. :  |b Thomas,  |c [1979] 
264 4 |c ©1979 
300 |a ix, 293 pages :  |b illustrations ;  |c 25 cm. 
336 |a text  |b txt  |2 rdacontent 
337 |a unmediated  |b n  |2 rdamedia 
338 |a volume  |b nc  |2 rdacarrier 
500 |a Includes index. 
504 |a Bibliography: pages 5-6. 
650 0 |a Readiness for school  |x Testing. 
999 |a MARS 
999 f f |s 1b271977-ae49-3711-b193-75f1de27980a  |i 30e812ad-ea58-3844-8ae2-ae0d520d3edf  |t 0 
952 f f |p normal  |a Texas A&M University  |b College Station  |c Sterling C. Evans Library  |d Evans: Library Stacks  |t 0  |e LB1132 .J63  |h Library of Congress classification  |i unmediated -- volume  |m A14803258112 
998 f f |a LB1132 .J63  |t 0  |l Evans: Library Stacks